[Event "Guelph Spring Pro Am"]
[Site "Guelph"]
[Date "2008.04.20"]
[Round "4"]
[White "Plaxton, David"]
[Black "Plotkin, Victor"]
[Result "1/2-1/2"]
[WhiteElo "2017"]
[BlackElo "2325"]
[PlyCount "72"]
[EventDate "2008.04.19"]
[EventType "swiss"]
[EventRounds "5"]
[EventCountry "CAN"]
[SourceTitle "EXT 2011"]
[Source "ChessBase"]
[SourceDate "2010.11.26"]
[SourceVersion "1"]
[SourceVersionDate "2010.11.26"]
[SourceQuality "1"]

1. d4 d5 2. c4 dxc4 3. Qa4+ c6 4. Qxc4 Nf6 5. Nf3 Bf5 6. Nc3 g6 7. Ng5 Be6 8. Nxe6 fxe6 9. Qxe6 Na6 10. e3 Nc7 11. Qb3 b5 12. Be2 e6 13. Bf3 Qd7 14. 0-0 Bg7 15. Rd1 0-0 16. e4 Qf7 17. Be3 a5 18. Rd2 h6 19. a4 g5 20. h3 Rfb8 21. axb5 cxb5 22. d5 exd5 23. exd5 Ra6 24. Qd1 Qd7 25. d6 Nce8 26. Ne4 Nxe4 27. Bxe4 Rxd6 28. Bd5+ Kh8 29. Bc5 Ra6 30. Ba2 Qc7 31. Qb3 Nf6 32. Rad1 a4 33. Qb4 Rc8 34. Bd4 Rf8 35. Bxf6 Bxf6 36. Rd7 Bg7 1/2-1/2